ANRPC : dilemma over NR price (Record no. 54302)

MARC details
000 -LEADER
fixed length control field 00254nam a2200109Ia 4500
245 #0 - TITLE STATEMENT
Title ANRPC : dilemma over NR price
260 ## - PUBLICATION, DISTRIBUTION, ETC. (IMPRINT)
Name of publisher Rubber Asia
Year of publication 2001
300 ## - PHYSICAL DESCRIPTION
Number of Pages 33-40
650 ## - SUBJECT ADDED ENTRY--TOPICAL TERM
Topical Term NR price
942 ## - ADDED ENTRY ELEMENTS (KOHA)
Koha item type Journals
Holdings
Withdrawn status Lost status Damaged status Not for loan Home library Current library Shelving location Date acquired Serial Enumeration / chronology Koha item type
      Journals RRII Library RRII Library Rubber general 17/12/2021 Volume 15, Issue 3 Journals